LA BURGUESIA, LA OLIGARQUIA Y EL ESTADO/

Na minha lista:
Detalhes bibliográficos
Autor principal: Carrión, Jorge (autor)
Outros Autores: Aguilar M., Alonso (autor) (autor)
Formato: Livro
Edição:5a edición
Colecção:LOS GRANDES PROBLEMAS NACIONALES
Assuntos:
Tags: Adicionar Tag
Sem tags, seja o primeiro a adicionar uma tag!

MARC

LEADER 00000nam^a2200000^a^4500
001 000224759
005 20250521000000.0
009 20260310104102.12
020 |a 968-427-056-9 
035 |a 000574 
037 |a Acervo Xavier Clavigero 
082 |a 323. 3221  |b CAR 
100 |a Carrión, Jorge  |e (autor) 
245 1 3 |a LA BURGUESIA, LA OLIGARQUIA Y EL ESTADO/  |c JORGE CARRION, ALONSO AGUILAR M 
250 |a 5a edición 
264 |a MEXICO :  |b NUESTRO TIEMPO,  |c 1980 
300 |a 231p. 
336 |a texto  |b txt  |2 rdacontenido 
337 |a sin mediación  |b n  |2 rdamedio 
338 |a volumen  |b nc  |2 rdasoporte 
440 |a LOS GRANDES PROBLEMAS NACIONALES 
649 |a XX 
650 |a Estado, El 
650 |a Clase Alta 
650 |a Clase Media 
650 |a Clases Sociales -  |z México 
700 |a Aguilar M., Alonso  |e (autor) 
910 |a Fondo General 
920 |a Impresos - Libros 
930 |a Colección General 
905 |a 101 
901 |a 000574  |b IT1  |c ACC  |i 000574  |u 20250521 
902 |a https://opac.biblio.iteso.mx/vufind/Record/000224759